Computer architecture and parallel processing (Record no. 329)
[ view plain ]
| 000 -LEADER | |
|---|---|
| fixed length control field | 00419nam a2200157Ia 4500 |
| 008 - FIXED-LENGTH DATA ELEMENTS--GENERAL INFORMATION | |
| fixed length control field | 130318s9999 xx 000 0 und d |
| 020 ## - INTERNATIONAL STANDARD BOOK NUMBER | |
| International Standard Book Number | 70663548 |
| 082 ## - DEWEY DECIMAL CLASSIFICATION NUMBER | |
| Classification number | 004.35 HWA/C |
| 100 ## - MAIN ENTRY--PERSONAL NAME | |
| Personal name | Hwang, Kai |
| 245 ## - TITLE STATEMENT | |
| Title | Computer architecture and parallel processing |
| 260 ## - PUBLICATION, DISTRIBUTION, ETC. | |
| Name of publisher, distributor, etc. | Mc Graw Hill |
| Place of publication, distribution, etc. | New York |
| Date of publication, distribution, etc. | 1985 |
| 300 ## - PHYSICAL DESCRIPTION | |
| Extent | 846 |
| 650 ## - SUBJECT ADDED ENTRY--TOPICAL TERM | |
| Topical term or geographic name entry element | COMPUTER ARCHITECTURE |
| 650 ## - SUBJECT ADDED ENTRY--TOPICAL TERM | |
| Topical term or geographic name entry element | PARALLEL PROCESSING |
| 700 ## - ADDED ENTRY--PERSONAL NAME | |
| Personal name | Briggs, Faye A |
| Withdrawn status | Lost status | Source of classification or shelving scheme | Damaged status | Not for loan | Collection code | Home library | Current library | Shelving location | Date acquired | Cost, normal purchase price | Total Checkouts | Full call number | Barcode | Date last seen | Date last checked out | Price effective from | Koha item type |
|---|---|---|---|---|---|---|---|---|---|---|---|---|---|---|---|---|---|
| Dewey Decimal Classification | Computer Architecture | Kerala University of Digital Sciences, Innovation and Technology Knowledge Centre | Kerala University of Digital Sciences, Innovation and Technology Knowledge Centre | 18/03/2013 | 298.00 | 4 | 004.22 HWA/C | 330 | 17/11/2016 | 10/09/2015 | 18/03/2013 | Archives |